| 000 | 01042nam a2200241 i 4500 | ||
|---|---|---|---|
| 001 | 150784 | ||
| 003 | ES-MaACL | ||
| 005 | 20250831080531.0 | ||
| 007 | t| | ||
| 008 | 071112s1965 sp ||||1| spa d | ||
| 080 | _a264.014.3 | ||
| 245 | 0 | 0 |
_aEstudios sobre la liturgia mozárabe / _cdirector Juan Francisco Rivera Recio. |
| 260 |
_aToledo : _bDiputación Provincial, _c1965. |
||
| 300 |
_aXIII, 187 p. ; _c25 cm. |
||
| 490 | 1 |
_aPublicaciones del Instituto Provincial de Investigaciones y Estudios Toledanos del Patronato "José María Quadrado" del Consejo Superior de Investigaciones Científicas. Serie tercera ; _v1 |
|
| 610 | 2 | 4 |
_aIglesia Católica- _xRito mozárabe _94656 |
| 650 | 0 | 4 |
_aLiturgia. _914683 |
| 700 | 1 |
_aRivera Recio, Juan Francisco. _997667 |
|
| 710 | 2 |
_aInstituto Provincial de Investigaciones y Estudios Toledanos. _95217 |
|
| 830 | 0 | 0 |
_aPublicaciones del Instituto Provincial de Investigaciones y Estudios Toledanos _v1 _9242140 |
| 852 |
_aES-MaACL _jC-27767 _bR.56859 |
||
| 999 |
_c150784 _d150784 |
||